| 000 | 00585nam a22001697a 4500 | ||
|---|---|---|---|
| 008 | 161021b xxu||||| |||| 00| 0 eng d | ||
| 020 | _a9780415841726 | ||
| 050 | _aCC 100 .H58 2013 | ||
| 100 | _aedited by Bahn, Paul | ||
| 245 |
_aThe History of Archaeology: _ban introduction/ _cPaul Bahn |
||
| 260 |
_aLondon: _bRoutledge, _c2013 |
||
| 300 |
_axxi, 255p. : _bill. ; _c23cm |
||
| 500 | _aIncludes bibliographical references and index. | ||
| 650 |
_aArchaeology. _xHistory. |
||
| 650 |
_aExcavations (Archaeology). _xHistory. |
||
| 942 |
_2lcc _cBOOKS _hCC 100 .H58 2013 _044 |
||
| 999 |
_c15067 _d15067 |
||